000 00292nam a2200145Ia 4500
100 _aKhurmi/R.S
942 _cBK
654 _ahydraulics
245 _aHydraulics
260 _bS.Chand and Co.
_aNew Delhi
_c1985
082 _a532
_bKHU
300 _a630
546 _aENGLISH
999 _c34497
_d34497